Giáo trình nghe tin tức cơ sở

Đã lưu trong:
Chi tiết về thư mục
Định dạng: Sách
Các nhãn: Thêm thẻ
Không có thẻ, Là người đầu tiên thẻ bản ghi này!
Thư viện lưu trữ: Mạng thư viện Đại học Đà Nẵng
LEADER 00411nam a22001691a 4500
001 000036903
003 13198
005 20160412014942.0
008 160412s0 000
082 |a 4H(07)411-12 
245 |a Giáo trình nghe tin tức cơ sở 
OWN |a LNN 
999 |a From the UDN01 
TYP |a Monograph 
980 |a Mạng thư viện Đại học Đà Nẵng